=LDR 00000nam 2200000 4500 =001 INLIS000000000018497 =005 20130612113653 =008 ***********************************Ind** =035 ##$$0010-061300000018497 =041 ##$$a Ind =082 ##$$a 346.015 =090 ##$$a 346.015, Soe a =100 ##$$a Soekito, Sri Widoyati Wiratmo =245 ##$$a anak dan wanita dalam hukum, Sri Widoyato Wiratmo Soekito =260 ##$$a 1983 $b Jakarta =300 ##$$a 187 hlm, 24 cm =650 ##$$a Hukum Keluarga =850 ##$$a NBPNMAT